| 000 | 00822nas a2200277 4500 | ||
|---|---|---|---|
| 001 | BR0300778 | ||
| 003 | BR-BrBNA | ||
| 005 | 20231205103600.0 | ||
| 007 | ta | ||
| 008 | 230509b bl.|||p| |||| 00| 00por d | ||
| 040 |
_aBR-BrBNA _bpor _cBiblioteca Nacional de Agricultura |
||
| 041 | _a(Pt) | ||
| 072 | _aE10; E71 | ||
| 100 | 1 | _aAngelo, H. | |
| 100 | 1 | _aBrasil, A.A. | |
| 100 | 1 | _aSantos, J. dos S. | |
| 245 | 1 | _aMadeiras tropicais: análise econômica das principais espécies florestais exportadas | |
| 650 | _aMADEIRA | ||
| 650 | _aANÁLISE ECONÔMICA | ||
| 650 | _aPREÇO | ||
| 650 | _aCOMERCIALIZAÇÃO | ||
| 650 | _aEXPORTAÇÃO | ||
| 773 | 0 |
_tActa Amazônica (Brazil) _xISSN 0044-5967 _g(Jun 2001), v. 31(2) p. 237-248 _wBR0300778 |
|
| 909 |
_a202311 _bLúcia _c55 _dLúcia Elande |
||
| 942 |
_2AGRIS _n0 _cANA |
||
| 999 |
_c173639 _d173639 |
||